[Event "Politiken Cup"]
[Site "Copenhagen"]
[Date "1998.07.05"]
[Round "2"]
[White "Olsen, Heini"]
[Black "Nielsen, Jan Mose"]
[Result "1-0"]
[WhiteElo "2270"]
[BlackElo "2130"]

1.d4 f5 2.g3 Nf6 3.Bg2 g6 4.Nf3 Bg7 5.O-O O-O 6.c4 d6 7.Nc3 c6 8.d5 e5 9.dxe6 Bxe6
10.Qd3 Na6 11.Ng5 Qe7 12.Bf4 Rfd8 13.Rad1 Ne8 14.Qe3 Nac7 15.Nd5 cxd5 16.cxd5 Be5
17.Nxe6 Bxf4 18.Qxf4 Nxe6 19.dxe6 Nf6 20.Qc4 Rac8 21.Qb3 b6 22.Rd4 Rc5 23.Rfd1 Re5
24.e3 Qxe6 25.Rxd6 Rxd6 26.Rxd6 Qxb3 27.axb3 Kf7 28.Kf1 Rb5 29.Rd3 Ke6 30.Ke2 Ke5
31.h3 Ra5 32.Rc3 Rb5 33.Rc6 Ne4 34.f4+ Kd5 35.Rc3 Rb4 36.g4 Kd6 37.Bxe4 Rxe4
38.Rc4 Re8 39.Kf3 b5 40.Rd4+ Kc5 41.b4+ Kc6 42.b3 a6 43.e4  1-0

[Event "Politiken Cup"]
[Site "Copenhagen"]
[Date "1998.07.09"]
[Round "6"]
[White "Bjarnehag, Peter"]
[Black "Johansson, Thomas"]
[Result "1/2-1/2"]
[WhiteElo "2290"]
[BlackElo "2120"]

1.c4 f5 2.d4 Nf6 3.g3 g6 4.Bg2 Bg7 5.Nf3 O-O 6.O-O d6 7.d5 c5 8.Nc3 Na6 9.e4 fxe4
10.Ng5 Nc7 11.a4 Rb8 12.Qe2 b6 13.Ngxe4 Nxe4 14.Bxe4 Bh3 15.Bg2 Bd7 16.Bg5 Rf7
17.Nb5 h6 18.Bc1 a6 19.Nxc7 Qxc7 20.Be4 Kh7 21.h4 Bf5 22.Bxf5 Rxf5 23.f4 h5
24.Re1 Bf6 25.Ra2 b5 26.axb5 axb5 27.b3 bxc4 28.bxc4 Rb3 29.Kg2 Qb7 30.Rd1 e5
31.Rd3 Bg7 32.Rxb3 Qxb3 33.Qc2 Qb7 34.Qd3 Qd7 35.Be3 Rf7 36.Rf2 Qg4 37.fxe5 Rxf2+
38.Bxf2 Bxe5 39.Qc2 Kg7 40.Qd3 Qd7  1/2-1/2

[Event "Saitek US Masters"]
[Site "Hawaii"]
[Date "1998.07.27"]
[Round "7"]
[White "Smith, Paul V"]
[Black "Kaugars, Agnis"]
[Result "1/2-1/2"]
[WhiteElo "2120"]
[BlackElo "2150"]

1.d4 f5 2.g3 Nf6 3.Bg2 g6 4.Nf3 Bg7 5.O-O O-O 6.c4 d6 7.Nc3 c6 8.d5 e5 9.e4 Na6
10.exf5 Bxf5 11.Nh4 Bg4 12.f3 Bd7 13.f4 cxd5 14.Nxd5 Bc6 15.f5 Nxd5 16.Bxd5+ Bxd5
17.Qxd5+ Kh8 18.Be3 g5 19.Nf3 g4 20.Ng5 Nb4 21.Qd2 Bh6 22.a3 Nc2 23.Qxc2  1/2-1/2

[Event "RUS-ch51"]
[Site "St Petersburg"]
[Date "1998.07.31"]
[Round "4"]
[White "Yakovich, Yuri"]
[Black "Potapov, Alexander"]
[Result "1/2-1/2"]
[WhiteElo "2560"]
[BlackElo "2475"]

1.d4 f5 2.g3 Nf6 3.Bg2 g6 4.Nf3 Bg7 5.O-O O-O 6.c4 d6 7.Nc3 Nc6 8.d5 Ne5
9.Nxe5 dxe5 10.Qb3 h6 11.Rd1 Kh8 12.c5 g5 13.Bd2 a6 14.Na4 f4 15.Ba5 e4 16.d6 exd6
17.cxd6 e3 18.f3 b6 19.dxc7 Qxc7 20.Bxb6 Qe5 21.Bd4 Qf5 22.Nc5 Ra7 23.Rac1 Raf7
24.Qd3 Re8 25.b4 Qxd3 26.Nxd3 Nh5 27.Bxg7+ Kxg7 28.gxf4 Nxf4 29.Nxf4 gxf4
30.Rc4 Bd7 31.Rdd4 Bb5 32.Rc2 Ree7 33.Bf1 Rd7 34.Rxd7 Rxd7 35.a4 Bxa4 36.Rc4 Rf7
37.Kg2 Kg6 38.Rd4 Bb5 39.Kh3 Kg5 40.Rd5+ Rf5 41.Rd8 Kh5 42.Kg2 Rg5+ 43.Kh1 Rg7
44.Rd5+ Kg6 45.Rd6+ Kg5 46.Rd5+ Kf6 47.Rd4 Kf5 48.Rd5+ Ke6 49.Rd4 Rf7 50.Bh3+ Ke7
51.Re4+ Kd8 52.Be6 Rc7 53.Rxf4 Rc2 54.Kg1 Bxe2 55.Re4 Rc3 56.Kg2 Bb5 57.Bh3 Kc7
58.Re5 Kd6 59.f4 Bc6+ 60.Kg3 Bd5 61.Bg4 e2+ 62.Kf2 Rc4 63.Kg3 Rxb4 64.Bxe2 Rb3+
65.Kf2 a5 66.Bd1 Rh3 67.Re8 Rxh2+ 68.Ke3 Bc6 69.Rd8+ Ke7 70.Rc8 Kd6 71.Rd8+ Kc7
72.Rd4 Rh3+ 73.Kf2 Rh2+ 74.Ke3 Bd7 75.Ba4 Rh3+ 76.Ke4 Bc8 77.Rc4+ Kd8 78.Rc5 Bb7+
79.Bc6 Bxc6+  1/2-1/2

[Event "Stockholm2"]
[Site "Stockholm"]
[Date "1998.08.03"]
[Round "3"]
[White "Tella, Jussi"]
[Black "Berg, Emanuel"]
[Result "1-0"]
[WhiteElo "2395"]
[BlackElo "2380"]

1.d4 f5 2.c4 g6 3.g3 Bg7 4.Bg2 Nf6 5.Nf3 O-O 6.O-O d6 7.Nc3 Qe8 8.d5 Na6
9.Rb1 c5 10.dxc6 bxc6 11.b4 Bd7 12.b5 cxb5 13.cxb5 Nc5 14.Nd4 Rc8 15.Nc6 Rc7
16.Be3 Bxc6 17.Bxc6 Ncd7 18.Nd5 Nxd5 19.Qxd5+ Qf7 20.Rfc1 Nc5 21.Qxf7+ Kxf7
22.Bxc5 dxc5 23.Rxc5 Rcc8 24.e3 e6 25.a4 Rfd8 26.Rcc1 Rd6 27.a5 Bf6 28.Bb7 Rcd8
29.b6 axb6 30.a6 R6d7 31.Kg2 Be5 32.Rxb6 Bb8 33.Bc8 Bc7 34.Bxd7 Bxb6 35.Rc6 Rxd7
36.Rxb6 Rd2 37.Rb7+ Kf6 38.Rxh7 Ra2 39.a7 g5 40.h4 g4 41.Kf1 Ke5 42.Rf7 Ke4
43.Kg2 Kd3 44.Rb7 e5 45.h5  1-0

[Event "Budapest FS08 GM"]
[Site "Budapest"]
[Date "1998.08.04"]
[Round "4"]
[White "Jelen, Igor"]
[Black "Hoang Than Trang"]
[Result "0-1"]
[WhiteElo "2430"]
[BlackElo "2350"]

1.d4 f5 2.c4 g6 3.g3 Bg7 4.Bg2 Nf6 5.Nf3 O-O 6.O-O d6 7.Nc3 Qe8 8.d5 a5 9.Ne1 Na6
10.Nd3 Bd7 11.Re1 Qf7 12.Nf4 Rab8 13.Be3 b6 14.Bd4 Nc5 15.e3 g5 16.Nfe2 e5
17.dxe6 Nxe6 18.Qd2 Nxd4 19.Nxd4 Qxc4 20.Rec1 Qf7 21.Ncb5 c5 22.Nxd6 Qg6
23.N4b5 Kh8 24.a4 f4 25.exf4 gxf4 26.Re1 Ng4 27.h3 fxg3 28.fxg3 Ne5 29.Qe3 Rbd8
30.Rad1 Bc6 31.Bxc6 Nxc6 32.Rf1 Nd4 33.Nxd4 Rxf1+ 34.Kxf1 Qxd6  0-1

[Event "MK Cafe Cup-A"]
[Site "Koszalin"]
[Date "1998.08.07"]
[Round "5"]
[White "Vaulin, Alexander"]
[Black "Mainka, Romuald"]
[Result "1-0"]
[WhiteElo "2550"]
[BlackElo "2480"]

1.d4 f5 2.g3 Nf6 3.Bg2 g6 4.Nf3 Bg7 5.O-O O-O 6.c4 d6 7.Nc3 Qe8 8.d5 a5 9.Rb1 Na6
10.b3 Bd7 11.Bb2 Nc5 12.a3 h6 13.b4 axb4 14.axb4 Nce4 15.Nxe4 fxe4 16.Nd2 Bf5
17.e3 g5 18.Ra1 Rb8 19.Ra7 Bg4 20.Qb3 Be2 21.Re1 Bd3 22.Bxf6 exf6 23.c5 f5
24.c6 f4 25.Rxb7 fxe3 26.fxe3 Rc8 27.b5 Qh5 28.Qd1 g4 29.Nxe4 Bxe4 30.Bxe4 Rce8
31.Qd3 Ra8 32.Bg2 Ra2 33.Rf1 Rxf1+ 34.Qxf1 Qe8 35.Rxc7 Qxe3+ 36.Kh1 Rf2 37.Qb1 Rxg2
38.Rc8+ Kf7 39.Qf5+ Ke7 40.Rc7+  1-0

[Event "Hampstead IM3"]
[Site "Hampstead"]
[Date "1998.08.14"]
[Round "5"]
[White "Whiteley, Andrew J"]
[Black "Vegh, Endre"]
[Result "0-1"]
[WhiteElo "2240"]
[BlackElo "2340"]

1.d4 f5 2.Nf3 Nf6 3.g3 g6 4.Bg2 Bg7 5.O-O O-O 6.c4 d6 7.d5 Na6 8.Nc3 Qe8
9.Rb1 Bd7 10.b3 c6 11.Bb2 Nc7 12.Qd2 h6 13.h4 c5 14.a4 a6 15.a5 Rb8 16.Qc2 b5
17.axb6 Rxb6 18.e3 Qf7 19.Ne2 Rfb8 20.Nd2 g5 21.hxg5 hxg5 22.e4 Ng4 23.Bxg7 Qxg7
24.Bh3 f4 25.Kg2 Ne5 26.Bxd7 Nxd7 27.Rh1 Rf8 28.Rbg1 f3+ 29.Nxf3 Qf6 30.Qc3 Ne5
31.Nxe5 Qxf2+ 32.Kh3 dxe5 33.Qxe5 Rh6+ 34.Kg4 Qxe2+ 35.Kxg5 Qe3+ 36.Kg4 Qf3+
37.Kg5 Rxh1 38.Rxh1 Qxh1 39.Qxc7 Qxe4  0-1

[Event "RUS-Cup final"]
[Site "Samara"]
[Date "1998.09.06"]
[Round "8"]
[White "Yakovich, Yuri"]
[Black "Malaniuk, Vladimir P"]
[Result "1/2-1/2"]
[WhiteElo "2560"]
[BlackElo "2590"]

1.d4 f5 2.g3 Nf6 3.Bg2 g6 4.Nf3 Bg7 5.O-O O-O 6.c4 d6 7.Nc3 Qe8 8.Nd5 Nxd5
9.cxd5 Qb5 10.Ng5 c6 11.e4 fxe4 12.Nxe4 Qb6 13.dxc6 Nxc6 14.d5 Ne5 15.h3 Bd7
16.a4 Qb4 17.Ng5 Rac8 18.Ra2 b6 19.Bd2  1/2-1/2

[Event "Elista ol (Men)"]
[Site "Elista"]
[Date "1998.09.30"]
[Round "2"]
[White "Hebden, Mark"]
[Black "Depasquale, Chris"]
[Result "1-0"]
[WhiteElo "2590"]
[BlackElo "2305"]

1.d4 f5 2.g3 Nf6 3.Bg2 g6 4.Nf3 Bg7 5.O-O O-O 6.c4 c6 7.b3 d6 8.Bb2 Ne4 9.Qc2 Nd7
10.d5 Ndf6 11.dxc6 bxc6 12.Nbd2 e5 13.Rad1 Qe7 14.Nb1 Bb7 15.Nfd2 Nxd2 16.Qxd2 Rfd8
17.Qa5 d5 18.e3 Ne4 19.Nc3 Nxc3 20.Bxc3 d4 21.exd4 exd4 22.Bb2 Rd7 23.c5 Qd8
24.Qa4 d3 25.Qc4+ Kh8 26.Bxg7+ Kxg7 27.Rfe1 Qa5 28.b4 Qa3 29.Qh4 Qxa2 30.Rxd3 Rf7
31.Qd4+ Kg8 32.Rd2 Qa4 33.Bf1 a5 34.Bc4  1-0

[Event "Elista ol (Men)"]
[Site "Elista"]
[Date "1998.10.03"]
[Round "5"]
[White "Abdulla, A."]
[Black "Wastney, Scott"]
[Result "1-0"]
[WhiteElo "2290"]
[BlackElo "2155"]

1.d4 f5 2.c4 Nf6 3.Nf3 g6 4.g3 Bg7 5.Bg2 O-O 6.O-O d6 7.Nc3 Qe8 8.d5 Na6
9.Rb1 Nc5 10.Nb5 Qd8 11.b4 Nce4 12.Bb2 Bd7 13.Nbd4 c6 14.dxc6 bxc6 15.c5 Qe8
16.Qc2 dxc5 17.bxc5 e5 18.Nb3 Ng4 19.Nbd2 Qe7 20.Nxe4 fxe4 21.Qxe4 Bf5 22.Qc4+ Be6
23.Qa4 Qxc5 24.Ba3 Qc4 25.Qxc4 Bxc4 26.Bxf8 Rxf8 27.Rb4 Bxe2 28.Rxg4 Bxf3
29.Bxf3 Rxf3 30.Ra4 Rc3 31.Re1 c5 32.Rxa7 c4 33.Re2 Rc1+ 34.Kg2 c3 35.Rc7 Kf8
36.Kf3 h5 37.Ke4 Bf6 38.Re3  1-0

[Event "NRW Sportland Cup Masters"]
[Site "Senden"]
[Date "1998.10.09"]
[Round "2"]
[White "Woller, Rainer"]
[Black "Freise, Eckhard"]
[Result "1-0"]
[WhiteElo "2210"]
[BlackElo "2030"]

1.d4 f5 2.Nf3 Nf6 3.g3 g6 4.Bg2 Bg7 5.O-O O-O 6.c4 d6 7.Nc3 Qe8 8.Re1 a5
9.e4 fxe4 10.Nxe4 Nxe4 11.Rxe4 Bf5 12.Re1 Nc6 13.Be3 Qd7 14.Nh4 Bg4 15.Qd2 e5
16.dxe5 Bxe5 17.f4 Bf6 18.Nf3 Bh3 19.Bh1 a4 20.Rac1 Qf5 21.Nd4 Nxd4 22.Bxd4 c6
23.Bf2 g5 24.Be4 Qg4 25.Be3 gxf4 26.Bxf4 Bd4+ 27.Qxd4 Rxf4 28.Bxh7+ Kxh7
29.Re7+ Kh6 30.Qxd6+  1-0

[Event "NRW Sportland Cup Masters"]
[Site "Senden"]
[Date "1998.10.10"]
[Round "3"]
[White "Schlecht, Daniel"]
[Black "Babar, Michael"]
[Result "1/2-1/2"]
[WhiteElo "2395"]
[BlackElo "2155"]

1.d4 f5 2.g3 Nf6 3.Bg2 g6 4.Nf3 Bg7 5.O-O O-O 6.c4 d6 7.Nc3 Qe8 8.d5 a5 9.Rb1 Na6
10.Be3 Ng4 11.Bd4 Ne5 12.Ne1 Qf7 13.b3 Bd7 14.f4 Ng4 15.e4 Bxd4+ 16.Qxd4 Qg7
17.Qd2 fxe4 18.Nxe4 Bf5 19.Nc2 Nf6 20.Ng5 h6 21.Ne6 Bxe6 22.dxe6 Nc5 23.Nd4 c6
24.f5 g5 25.a3 g4 26.b4 axb4 27.axb4 Nce4 28.Qe3 Qg5 29.Rf4 d5 30.c5 Ra2
31.Nb3 Nh5  1/2-1/2

[Event "Budapest FS10 GM"]
[Site "Budapest"]
[Date "1998.10.11"]
[Round "9"]
[White "Lazarev, Vladimir"]
[Black "Grinshpun, Eduard"]
[Result "1/2-1/2"]
[WhiteElo "2450"]
[BlackElo "2365"]

1.d4 f5 2.c4 Nf6 3.g3 g6 4.Bg2 Bg7 5.Nf3 O-O 6.O-O d6 7.Nc3 Nc6 8.d5 Ne5
9.Qb3 Nxf3+ 10.Bxf3 e5 11.dxe6 c6 12.Bf4 Qe7 13.Rad1 Rd8 14.Qa3 Bf8 15.b3 Bxe6
16.Qc1 Qf7  1/2-1/2

[Event "Young Masters"]
[Site "Honra"]
[Date "1998.10.12"]
[Round "3"]
[White "Andrade, Leonardo"]
[Black "Pinho, Paulo"]
[Result "0-1"]
[WhiteElo "2235"]
[BlackElo "2150"]

1.d4 f5 2.Nf3 Nf6 3.g3 g6 4.Bg2 Bg7 5.O-O O-O 6.c4 d6 7.b3 e5 8.dxe5 Nfd7
9.Nc3 dxe5 10.Ba3 e4 11.Nd4 Re8 12.Rc1 a6 13.b4 Ne5 14.c5 Kh8 15.Nc2 Be6
16.Ne3 Nbc6 17.Ncd5 Nd4 18.Bb2 Nec6 19.Bxd4 Bxd4 20.Nf4 Bxa2 21.Qa4 Bf7 22.Rfd1 Qe7
23.b5 axb5 24.Qxb5 Reb8 25.Ned5 Qe5 26.e3 Bxd5 27.exd4 Nxd4 28.Qb4 Nc6 29.Rxd5 Qxd5
30.Nxd5 Nxb4 31.Nxb4 Rd8 32.f3 Ra4 33.Rb1 Rd4 34.Nc2 Rdc4 35.Ne3 Rc3 36.c6 b6
37.Nd5 Rxc6 38.fxe4 fxe4 39.Re1 Kg7 40.Bxe4 Re6 41.Nc3 Rc4 42.Re3 c5 43.Kf2 Rxc3
44.Rxc3 Rxe4 45.Kf3 Rb4 46.Ke3 Kf6 47.Rd3 Rd4 48.Rb3 Rd6 49.Ra3 c4 50.Ra7 h6  0-1

[Event "NRW Sportland Cup Masters"]
[Site "Senden"]
[Date "1998.10.12"]
[Round "5"]
[White "Raetsky, Alexander"]
[Black "Babar, Michael"]
[Result "1/2-1/2"]
[WhiteElo "2440"]
[BlackElo "2155"]

1.d4 f5 2.c4 Nf6 3.Nf3 g6 4.g3 Bg7 5.Bg2 O-O 6.O-O d6 7.Nc3 Qe8 8.Be3 h6
9.d5 Ng4 10.Bd4 Ne5 11.c5 a5 12.Rc1 Na6 13.cxd6 exd6 14.e3 g5 15.Ne2 Bd7
16.Qd2 Bb5 17.Rfd1 Bxe2 18.Qxe2 Nxf3+ 19.Qxf3 b6 20.a3 a4 21.Bxg7 Kxg7 22.e4 Qe5
23.exf5 Rxf5 24.Qg4 Raf8 25.Rc2 Nc5 26.Re2 Qf6 27.f4 Kh8 28.Bh3 Qg6 29.Re7 R5f7
30.Rde1 Rxe7 31.Rxe7 Qb1+ 32.Bf1 Qxb2 33.Rxc7 Qd4+ 34.Kg2 Qxd5+ 35.Kh3 Ne4
36.Qe2 Qf5+ 37.Kg2 gxf4 38.Qb2+ Qf6 39.Qxf6+ Nxf6 40.gxf4 Nd5 41.Rb7 Ne3+
42.Kf2 Nxf1 43.Kxf1 Rxf4+ 44.Kg2 Rd4 45.Rxb6 Kg7 46.Kf3 Kf6 47.Ke3 Ke5 48.Rb5+ d5
49.Rb1 Rh4 50.Rb8 Kd6 51.Rd8+ Kc6 52.Rc8+ Kd7 53.Ra8 Rxh2 54.Kd4 Rd2+ 55.Ke3 Rd1
56.Rxa4 Rh1 57.Ra6 Rh4 58.a4 Re4+ 59.Kd3 h5 60.Rh6 h4 61.a5 Ra4 62.a6 Kc8
63.Rh7 Rxa6 64.Kd4 Ra5 65.Ke5  1/2-1/2

[Event "NRW Sportland Cup Masters"]
[Site "Senden"]
[Date "1998.10.13"]
[Round "6"]
[White "Babar, Michael"]
[Black "Mainka, Romuald"]
[Result "0-1"]
[WhiteElo "2155"]
[BlackElo "2480"]

1.d4 f5 2.g3 Nf6 3.Bg2 g6 4.Nf3 Bg7 5.O-O O-O 6.c4 d6 7.Nc3 Qe8 8.d5 a5 9.Nd4 Na6
10.Bg5 Bd7 11.Qd2 c6 12.Bh6 Bxh6 13.Qxh6 Nc7 14.Qd2 c5 15.Nf3 b5 16.cxb5 Bxb5
17.Rfe1 Bd7 18.e4 fxe4 19.Ng5 Bf5 20.b3 Rb8 21.Ngxe4 Qf7 22.Nxf6+ Qxf6 23.Re3 Nb5
24.Rae1 Qd4 25.Qc1 Nxc3 26.Qxc3 Qxc3 27.Rxc3 Rf7 28.Rce3 Kf8 29.Be4 Bxe4
30.Rxe4 Rb4 31.f3 g5 32.Kg2 h5 33.Rc4 Rf5 34.Rd1 Kf7 35.Rd2 Kf6 36.Re4 g4
37.Re6+ Kf7 38.fxg4 hxg4 39.Rde2 Rxd5 40.Rxe7+ Kf6 41.Ra7 a4 42.a3 Rbd4 43.bxa4 Rd2
44.Rf2+ Ke6 45.a5 R5d3 46.Rg7 Rxf2+ 47.Kxf2 c4 48.Rxg4 d5 49.Ke2 Rxa3 50.h4 Ke5
51.h5 Ra2+ 52.Kd1 Ra1+ 53.Ke2 Rxa5 54.h6 Ra2+ 55.Kd1 Rh2 56.Rg6 Ke4 57.Rg4+ Kd3
58.Rh4 Ra2 59.Ke1 c3 60.h7 c2 61.Rd4+ Ke3  0-1

[Event "Bourbon Lancy op"]
[Site "Bourbon Lancy"]
[Date "1998.10.27"]
[Round "5"]
[White "Safranska, Anda"]
[Black "Shchekachev, Andrei"]
[Result "0-1"]
[WhiteElo "2275"]
[BlackElo "2560"]

1.Nf3 f5 2.g3 Nf6 3.Bg2 g6 4.O-O Bg7 5.d4 O-O 6.c4 d6 7.Nc3 a5 8.b3 Na6 9.Bb2 c6
10.d5 e5 11.dxe6 Nc5 12.Qc2 Bxe6 13.Ng5 Qe7 14.Rad1 Rad8 15.Nxe6 Qxe6 16.e3 Rfe8
17.Ne2 Nce4 18.Nd4 Qf7 19.f3 Nc5 20.Rfe1 Ra8 21.a3 Ncd7 22.Ne2 Rxe3 23.Rxd6 Qe7
24.Rd2 Re8 25.Kf1 Ne5 26.Bxe5 Qxe5 27.Qa2 Qc5 28.Rb1 Ra8 29.Rd3 Bf8 30.Qb2 Rae8
31.Nc3 Qxa3 32.Qxa3 Bxa3 33.Rbd1 Bb4 34.Na2 Re1+ 35.Rxe1 Rxe1+ 36.Kf2 Rb1
37.Nxb4 axb4 38.Bf1 Kf7 39.Be2 Ke7 40.Ke3 Rb2  0-1

[Event "Cap d'Agde-A"]
[Site "Cap d'Agde"]
[Date "1998.10.27"]
[Round "7"]
[White "Azmaiparashvili, Zurab"]
[Black "Kobese, Watu"]
[Result "1-0"]
[WhiteElo "2655"]
[BlackElo "2415"]

1.d4 f5 2.g3 Nf6 3.Bg2 g6 4.Nf3 Bg7 5.O-O O-O 6.c4 d6 7.Nc3 c6 8.d5 e5 9.dxe6 Bxe6
10.Bf4 Ne4 11.Nxe4 fxe4 12.Ng5 Bxc4 13.Qxd6 Qxd6 14.Bxd6 Rd8 15.Nxe4 Na6
16.Bf3 Bd5 17.Ba3 b5 18.Be7 Re8 19.Nf6+ Bxf6 20.Bxd5+ cxd5 21.Bxf6 Rxe2 22.Rac1 Kf7
23.Bd4 Rd2 24.Bc3 Re2 25.Rfd1 Rc8 26.Kf1 Re4 27.Rxd5 b4 28.Bd2 Rxc1+ 29.Bxc1 Rc4
30.Be3 Rc2 31.Ra5 Nc7 32.Rc5 b3 33.Rxc2 bxc2 34.Ke2 Nd5 35.Kd2  1-0

[Event "Wch U18"]
[Site "Oropesa del Mar"]
[Date "1998.11.02"]
[Round "7"]
[White "Iljushin, Alexei"]
[Black "Berg, Emanuel"]
[Result "1-0"]
[WhiteElo "2470"]
[BlackElo "2380"]

1.d4 f5 2.c4 g6 3.Nf3 Nf6 4.g3 Bg7 5.Bg2 O-O 6.O-O d6 7.Nc3 Qe8 8.d5 Na6
9.Nd4 Bd7 10.b3 c5 11.dxc6 bxc6 12.Bb2 Rd8 13.e3 h6 14.Qe2 Nc5 15.Rad1 Rc8
16.Qc2 Qf7 17.Rfe1 Rfd8 18.Ba3 Nb7 19.f4 e5 20.Nde2 Be8 21.e4 Ng4 22.Bc1 exf4
23.Nxf4 g5 24.Nfe2 fxe4 25.Rf1 Qh5 26.h3 Nf6 27.Nd4 Bd7 28.g4 Qe8 29.Nxe4 Nxe4
30.Bxe4 Qe5 31.Kh1 Nc5 32.Bh7+ Kh8 33.Rfe1 Qg3 34.Re3 Qf4 35.Nf5 Bxf5 36.Bxf5 Rc7
37.Kg2 Rf7 38.Re2 Rxf5 39.Bxf4 Rxf4 40.Rxd6  1-0

[Event "Young Masters 5th"]
[Site "Loures"]
[Date "1998.11.04"]
[Round "2"]
[White "Hernandez, Roman"]
[Black "Santo Roman, Marc"]
[Result "1/2-1/2"]
[WhiteElo "2440"]
[BlackElo "2375"]

1.d4 f5 2.Nf3 Nf6 3.g3 g6 4.Bg2 Bg7 5.O-O O-O 6.c4 d6 7.Nc3 Qe8 8.d5 a5 9.Rb1 Na6
10.b3 Bd7 11.Bb2 h6 12.Ba1 g5 13.e3 c5 14.a3 Rb8 15.Nd2 Qg6 16.Qe2 Rf7 17.f4 b6
18.Rbe1 Rbf8 19.Qd3 Nc7 20.Re2 Kh8  1/2-1/2

[Event "Tanta op"]
[Site "Tanta"]
[Date "1998.11.16"]
[Round "1"]
[White "Ahmed, Ehab"]
[Black "Kobese, Watu"]
[Result "0-1"]
[WhiteElo "2260"]
[BlackElo "2415"]

1.d4 f5 2.Nf3 Nf6 3.g3 g6 4.Bg2 Bg7 5.O-O O-O 6.c4 d6 7.Nc3 c6 8.Rb1 Ne4
9.Nxe4 fxe4 10.Ne1 d5 11.cxd5 Qxd5 12.Be3 Nd7 13.Nc2 Nf6 14.b3 Qh5 15.Qd2 Bh3
16.f3 Bxg2 17.Kxg2 a5 18.b4 exf3+ 19.exf3 axb4 20.Nxb4 Ra3 21.Rf2 Qf5 22.Rb3 Rfa8
23.Qc1 R3a4 24.Qc4+ Kh8 25.Qc5 Qe6 26.Qb6 Qd7 27.Rd2 R4a5 28.Bf4 g5 29.Bb8 c5
30.Nc2 c4 31.Rb1 c3 32.Re2 Rxa2 33.Qxb7 Qxb7 34.Rxb7 Rb2 35.Rc7 Raxb8 36.Rxc3 Nd5
37.Rc6 Nb4 38.d5 Rd8 39.Kh3 Bf6 40.Rd2 Nxc2 41.Rdxc2 Rxc2 42.Rxc2 Rxd5 43.Rc4 h5
44.Re4 Rd4 45.Re2 g4+ 46.Kg2 gxf3+ 47.Kxf3 Kg7  0-1

[Event "SVK-chT2A 9899"]
[Site "SVK"]
[Date "1998.12.05"]
[Round "5"]
[White "Stefan, Oldrich"]
[Black "Meszaros, Lorant"]
[Result "1-0"]
[WhiteElo "2074"]
[BlackElo "1986"]

1.d4 f5 2.g3 Nf6 3.Bg2 g6 4.Nf3 Bg7 5.O-O O-O 6.c4 d6 7.d5 Qe8 8.Nc3 c6 9.Nd4 Bd7
10.Qb3 Qc8 11.c5 Kh8 12.cxd6 exd6 13.Bf4 Ne8 14.Rfd1 Na6 15.Rac1 Nc5 16.Qa3 cxd5
17.Nxd5 Qd8 18.Nc3 Qb6 19.Nd5 Qa6 20.Qxa6 Nxa6 21.Nc3 Nc5 22.b4 Ne6 23.Nxe6 Bxe6
24.Bxb7 Rb8 25.Bd5 Bd7 26.a3 h6 27.Ba2 Rb6 28.Be3 Ra6 29.Nb1 Bb5 30.Rd2 Nf6
31.Rc7 Re8 32.Rxa7 Rxa7 33.Bxa7 Bxe2 34.Rxd6 Bf3 35.Be3 Rc8 36.Bb3 Ng4 37.Bc5 Ne5
38.Be6 Re8 39.Bd5 Nf7 40.Re6 Rxe6 41.Bxe6 Ng5 42.Bc4 Ne4 43.Be3 Bd1 44.b5 Bc2
45.Nd2 Nd6 46.Be2  1-0

[Event "Budapest FS12 IM-B"]
[Site "Budapest"]
[Date "1998.12.11"]
[Round "7"]
[White "Pham Minh Hoang"]
[Black "Bersutzki, Gregory"]
[Result "1/2-1/2"]
[WhiteElo "2245"]
[BlackElo "2160"]

1.c4 f5 2.Nf3 Nf6 3.g3 g6 4.Bg2 Bg7 5.O-O O-O 6.d4 d6 7.Nc3 c6 8.Re1 Na6
9.e4 fxe4 10.Nxe4 Nxe4 11.Rxe4 Bf5 12.Rh4 Bf6 13.Bg5 Qd7 14.Qd2  1/2-1/2

[Event "GRE-ch 48th"]
[Site "Athens"]
[Date "1998.12.21"]
[Round "9"]
[White "Banikas, Hristos"]
[Black "Grivas, Efstratios"]
[Result "1/2-1/2"]
[WhiteElo "2490"]
[BlackElo "2520"]

1.d4 f5 2.g3 Nf6 3.Bg2 g6 4.Nf3 Bg7 5.O-O O-O 6.c4 d6 7.Nc3 e6 8.Qc2 Nc6
9.d5 Ne5 10.dxe6 Nxf3+ 11.Bxf3 c6 12.Bf4 Bxe6 13.Rad1 Bxc4 14.Bxd6 Rf7 15.b3 Be6
16.Rfe1 Rd7 17.Be5 Rxd1 18.Rxd1 Qa5 19.Bd4 Rd8 20.Na4 Bf7 21.e3 Bd5 22.Bxd5+ Qxd5
23.Nc3 Qa5 24.b4 Qxb4 25.Rb1 Qe7 26.Qb3+ Nd5 27.Nxd5 Rxd5 28.Qxb7  1/2-1/2

[Event "Paulisto-chT "]
[Site "Americana"]
[Date "1998.??.??"]
[Round "3"]
[White "Milos, Gilberto"]
[Black "Martins, Carlos"]
[Result "1/2-1/2"]
[WhiteElo "2555"]
[BlackElo "2295"]

1.d4 f5 2.Nf3 Nf6 3.g3 g6 4.Bg2 Bg7 5.O-O O-O 6.c4 d6 7.Nc3 Nc6 8.d5 Ne5
9.Nxe5 dxe5 10.Qb3 h6  1/2-1/2

[Event "Lost Boys op"]
[Site "Antwerp"]
[Date "1998.??.??"]
[Round "2"]
[White "Vanderstricht, Geert"]
[Black "Reinderman, Dimitri"]
[Result "1/2-1/2"]
[WhiteElo "2300"]
[BlackElo "2480"]

1.d4 f5 2.g3 Nf6 3.Bg2 g6 4.Nf3 Bg7 5.O-O O-O 6.c4 d6 7.Nc3 Qe8 8.d5 Na6
9.Rb1 Nc5 10.b4 Nce4 11.Nxe4 Nxe4 12.Bb2 Bxb2 13.Rxb2 a5 14.a3 axb4 15.axb4 e5
16.dxe6 Bxe6 17.Qd3 Qf7 18.Rc1 Qg7 19.Qd4 Qe7  1/2-1/2

[Event "BEL-chT 9798"]
[Site "Antwerp"]
[Date "1998.??.??"]
[Round "7"]
[White "Zimmermann, Rolf"]
[Black "Van Hul, Chris"]
[Result "0-1"]
[WhiteElo "2200"]
[BlackElo "2245"]

1.d4 f5 2.Nf3 Nf6 3.g3 g6 4.Bg2 Bg7 5.O-O O-O 6.c4 d6 7.Nc3 Qe8 8.d5 Na6
9.Nd4 Bd7 10.Rb1 Nc5 11.b4 Nce4 12.Bb2 Nxc3 13.Bxc3 Ng4 14.a3 g5 15.Qb3 Qh5
16.h3 Ne5 17.f4 Ng6 18.e3 Bf6 19.c5 Rf7 20.c6 bxc6 21.dxc6 Bc8 22.b5 Kf8
23.Rbc1 g4 24.Ne6+ Bxe6 25.Qxe6 Re8 26.Bd5 Nh8 27.h4 Qg6 28.Qd7 e6 29.Bxe6 Rxd7
30.Bxd7 Rxe3 31.Be1 Bd4 32.Kh1 Qf7 33.Bf2 Qd5+ 34.Kh2 Re2 35.Rcd1 Qf3 36.Rc1 Rxf2+  0-1

[Event "Regionalliga NW9798"]
[Site "Bayern"]
[Date "1998.??.??"]
[Round "?"]
[White "Bachmann, Wolfgang"]
[Black "Lechleitner, Walter"]
[Result "1-0"]
[WhiteElo "2000"]
[BlackElo "2055"]

1.d4 f5 2.g3 Nf6 3.Bg2 g6 4.Nf3 Bg7 5.O-O O-O 6.c4 c6 7.Nc3 d6 8.Qc2 Qc7
9.b3 e5 10.dxe5 dxe5 11.Ba3 Re8 12.Rad1 Bf8 13.Bxf8 Kxf8 14.Qd2 Be6 15.Qd6+ Qxd6
16.Rxd6 Ke7 17.Rfd1 Nbd7 18.Ng5 Bg8 19.e4 h6 20.Nf3 Be6 21.Nh4 Nf8 22.Bh3 Red8
23.Rxd8 Rxd8 24.Rxd8 Kxd8 25.exf5 gxf5 26.Bxf5 Ke7 27.f3 h5 28.Kf2 Kd6 29.Ke3 N8d7
30.Ne4+ Nxe4 31.Bxe4 a5 32.Bf5 a4 33.g4 b5 34.Bxe6 axb3 35.axb3 Kxe6 36.cxb5 cxb5
37.Kd2 e4 38.gxh5 Nc5 39.fxe4 Nxb3+ 40.Kc3 Nc5 41.Kd4 Nb3+ 42.Ke3 Kf6 43.Nf3 Nc5
44.Kd4 Ne6+ 45.Kc3 Nf4 46.h6 Kg6 47.Kb4 Ne2 48.e5 Kxh6 49.Kxb5 Kg6 50.Kc5 Nf4
51.Kd6 Kf5 52.Nd4+ Ke4 53.e6 Ng6 54.e7 Nxe7 55.Kxe7 Kxd4 56.Kf6  1-0

[Event "Regionalliga NW9798"]
[Site "Bayern"]
[Date "1998.??.??"]
[Round "?"]
[White "Assmann, Norbert"]
[Black "Saring, Christoph"]
[Result "0-1"]
[WhiteElo "2045"]
[BlackElo "2015"]

1.Nf3 f5 2.g3 Nf6 3.Bg2 g6 4.O-O Bg7 5.d4 O-O 6.c4 d6 7.Nc3 c6 8.Bf4 Nh5
9.Bd2 e5 10.dxe5 dxe5 11.Bg5 Qc7 12.Qd2 Be6 13.b3 Na6 14.Bh6 Rfd8 15.Qc1 Bf6
16.Bg5 e4 17.Bxf6 Nxf6 18.Ng5 Qe5 19.Qc2 Nc7 20.Rad1 h6 21.Nh3 Bf7 22.Na4 Ne6
23.Qc3 Qxc3 24.Nxc3 Ng4 25.e3 g5 26.Rxd8+ Rxd8 27.Rd1 Rxd1+ 28.Nxd1 Bh5 29.Nc3 Nc5
30.Bf1 Ne5 31.Be2 Nf3+ 32.Kg2 Ne1+ 33.Kf1 Bxe2+ 34.Kxe1 Bg4 35.Ng1 Nd3+ 36.Kf1 Kf7
37.Nge2 Bh3+ 38.Kg1 b6 39.Nd4 Ne5 40.Na4 Ke7 41.Nb2 Kd6 42.a3 a6 43.b4 c5
44.Nb3 Nf3+ 45.Kh1 Bf1 46.bxc5+ bxc5 47.a4 h5 48.a5 h4 49.h3 g4  0-1

[Event "Regionalliga SO9798"]
[Site "Bayern"]
[Date "1998.??.??"]
[Round "?"]
[White "Schwab, Andreas"]
[Black "Braun, Christoph"]
[Result "0-1"]
[WhiteElo "1995"]
[BlackElo "1975"]

1.d4 f5 2.c4 Nf6 3.Nf3 g6 4.g3 Bg7 5.Bg2 O-O 6.O-O d6 7.Nc3 Qe8 8.d5 a5 9.Re1 Na6
10.Nd4 Bd7 11.h3 Nc5 12.Ndb5 Rc8 13.Be3 c6 14.Nd4 Nfe4 15.Nxe4 fxe4 16.Qb1 Qf7
17.Bxe4 Bxh3 18.Kh2 Bd7 19.Bg2 e5 20.Nb3 Bf5 21.Qd1 Na4 22.dxc6 Nxb2 23.Qc1 Nxc4
24.cxb7 Rc7 25.Bh6 a4 26.Bxg7 Kxg7 27.Nd2 Ne3 28.Qa3 Nxg2 29.Kxg2 Qd5+ 30.Nf3 Rxb7
31.Rad1 Qc5 32.Qxa4 Bc2 33.Qa6 Rb6 34.Qa7+ Rf7 35.Qa8 Bxd1 36.Rxd1 h6 37.a4 g5
38.e3 Rbb7 39.Qd8 Qc6 40.Rxd6 Qxf3+ 41.Kh3 Qf5+ 42.Kg2 Qxf2+ 43.Kh3 Qf1+
44.Kg4 Qf3+ 45.Kh3 Qh1+ 46.Kg4 Rb4+  0-1

[Event "Regionalliga NW9798"]
[Site "Bayern"]
[Date "1998.??.??"]
[Round "?"]
[White "Schell, Walter"]
[Black "Schnell, Manfred"]
[Result "1-0"]
[WhiteElo "2050"]
[BlackElo "2030"]

1.d4 f5 2.Nf3 Nf6 3.g3 g6 4.Bg2 Bg7 5.O-O O-O 6.c4 d6 7.Nc3 Nc6 8.d5 Ne5
9.Nxe5 dxe5 10.Qb3 e4 11.Be3 Ng4 12.Bc5 b6 13.Ba3 Bd7 14.c5 bxc5 15.Bxc5 Rf7
16.Qc2 a6 17.f3 exf3 18.exf3 Nf6 19.f4 Rb8 20.Bd4 Rb4 21.Be5 Qb8 22.Nd1 Bb5
23.Rf3 Qb6+ 24.Kh1 Nxd5 25.Rb3 Rxb3 26.Qxb3 Bxe5 27.Qxd5 Bd6 28.Nc3 Bd7 29.Qd2 e6
30.Re1 Bf8 31.Qc2 Bc6 32.h3 Rd7 33.Kh2 Bxg2 34.Qxg2 Kf7 35.Qe2 Rd6 36.Na4 Qb4
37.Nc3 Bg7 38.Rc1 c5 39.Rc2 Bd4 40.Qg2 Rd7 41.Qe2 Qb6 42.Na4 Qd6 43.Qc4 Qc6
44.b3 Qf3 45.Rg2 Bf2 46.Qc2 Bxg3+ 47.Rxg3 Qxf4 48.Qc3 Rd2+ 49.Kh1 Qf2  1-0